Statistics for An Arm and a Leg

Click here to take the quiz!

General Stats

  • This quiz has been taken 16 times
  • The average score is 12 of 14

Answer Stats

HintAnswer% Correct
An organized military forceArmy
100%
Permitted by lawLegal
100%
An opening in a shirt for your limbArmhole
93%
A temporary truce during a warArmistice
93%
ReadableLegible
93%
An animal with a leathery armor shellArmadillo
87%
Tight-fitting stretch pantsLeggings
87%
Comes from a pod, such as a beanLegume
87%
A fleet of warshipsArmada
80%
A storage place for weaponsArmory
80%
Birthright; Something left in a willLegacy
80%
An epic tale or personLegend
80%
A large brigade or regimentLegion
67%
A large wardrobeArmoire
53%

Score Distribution

Percentile by Number Answered

Percent of People with Each Score

Your Score History

You have not taken this quiz